[Event "ITA-chT A1.1"]
[Site "Arvier"]
[Date "2013.03.16"]
[Round "2"]
[White "Guerrieri, Lorenzo"]
[Black "Saccona, Silvano"]
[Result "1-0"]
[WhiteElo "2209"]
[BlackElo "2170"]
[PlyCount "111"]
[EventDate "2013.03.15"]
[EventType "team"]
[EventRounds "5"]
[EventCountry "ITA"]
[SourceTitle "EXT 2014"]
[Source "ChessBase"]
[SourceDate "2013.11.20"]
[SourceVersion "1"]
[SourceVersionDate "2013.11.20"]
[SourceQuality "1"]

1. e4 c6 2. d4 d5 3. Nc3 dxe4 4. Nxe4 Nf6 5. Nxf6+ exf6 6. c3 Bd6 7. Bd3 0-0 8. Ne2 Re8 9. 0-0 Qc7 10. Ng3 Nd7 11. Qh5 Nf8 12. Be3 Bd7 13. Rae1 g6 14. Qh4 f5 15. Bh6 Qd8 16. Bg5 Qa5 17. Bf6 Rxe1 18. Rxe1 Re8 19. Rxe8 Bxe8 20. Bc4 Ne6 21. Qh6 Bf4 22. Qh4 Bd6 23. Be7 Qc7 24. Bxd6 Qxd6 25. Qf6 Qd8 26. Qe5 Nf8 27. Ne2 Bd7 28. Nf4 Qe8 29. Qxe8 Bxe8 30. Kf1 Kg7 31. Ke2 Bd7 32. Nd3 Be6 33. Ne5 Kf6 34. f4 Ke7 35. Kd3 f6 36. Nf3 Kd6 37. g3 h6 38. Ne1 g5 39. Ng2 Ng6 40. Bxe6 Kxe6 41. c4 h5 42. h4 g4 43. Ne3 Ne7 44. a4 Kd6 45. b3 Kd7 46. b4 b6 47. c5 bxc5 48. dxc5 a6 49. Kc4 Kc7 50. b5 Kb7 51. bxc6+ Kxc6 52. Nc2 Kb7 53. Nb4 Ng8 54. Kd5 a5 55. Nc2 Ne7+ 56. Ke6 1-0

[Event "ITA-ch sf 70th"]
[Site "Torino"]
[Date "2010.06.23"]
[Round "4"]
[White "Saccona, Silvano"]
[Black "De Nisi, Roberta"]
[Result "1-0"]
[WhiteElo "2230"]
[BlackElo "1916"]
[PlyCount "177"]
[EventDate "2010.06.20"]
[EventType "swiss"]
[EventRounds "9"]
[EventCountry "ITA"]
[SourceTitle "CBM 137 Extra"]
[Source "ChessBase"]
[SourceDate "2010.09.01"]
[SourceVersion "1"]
[SourceVersionDate "2010.09.01"]
[SourceQuality "1"]

1. d4 f5 2. Bg5 c6 3. c3 g6 4. e3 Bg7 5. Nf3 Nf6 6. Nbd2 d6 7. Qb3 Qb6 8. Bc4 Qxb3 9. axb3 b5 10. Be2 Nbd7 11. 0-0 0-0 12. Ne1 e5 13. Nc2 Bb7 14. b4 a6 15. Nb3 Ne4 16. Na5 Ra7 17. f4 Ba8 18. Rfd1 Nb6 19. dxe5 dxe5 20. Bf3 Nd5 21. Bh4 exf4 22. exf4 Nxf4 23. Nb3 Rc8 24. Bxe4 fxe4 25. Nc5 Nd3 26. Nxd3 exd3 27. Rxd3 c5 28. Re1 cxb4 29. Nxb4 a5 30. Nd5 Bxd5 31. Rxd5 b4 32. Bf2 Ra6 33. cxb4 axb4 34. Bd4 Rac6 35. Bxg7 Kxg7 36. Rd4 Rc4 37. Rd7+ Kh6 38. Rd2 Rc2 39. Ree2 Rxd2 40. Rxd2 b3 41. Kf1 Kg5 42. Rd3 Rc1+ 43. Ke2 Rc2+ 44. Rd2 Rc7 45. Kd1 Kf4 46. Rd4+ Ke3 47. Rb4 Rd7+ 48. Ke1 Rd3 49. Rb7 h5 50. Re7+ Kf4 51. Ke2 Rd6 52. Rb7 Rc6 53. Rb4+ Ke5 54. Rxb3 Rc2+ 55. Kf3 g5 56. Rb5+ Kf6 57. h3 Rd2 58. Rb6+ Ke5 59. Rb3 g4+ 60. hxg4 hxg4+ 61. Kg3 Kf5 62. Rb5+ Kf6 63. Rb4 Kf5 64. Rf4+ Ke5 65. Rb4 Kf5 66. Rb5+ Kf6 67. Rb8 Kf5 68. Rf8+ Ke5 69. Rf2 Rd4 70. Kh4 Rb4 71. Kg5 Ke6 72. g3 Ke7 73. Rf4 Rxb2 74. Kxg4 Rb1 75. Kg5 Rg1 76. g4 Ra1 77. Kg6 Ra6+ 78. Kg7 Ra1 79. Re4+ Kd6 80. g5 Rg1 81. g6 Kd7 82. Kf7 Rf1+ 83. Kg8 Rg1 84. g7 Rg2 85. Kf7 Rf2+ 86. Kg6 Rg2+ 87. Kf6 Rf2+ 88. Kg5 Ra2 89. g8Q 1-0

[Event "ITA-ch sf 70th"]
[Site "Torino"]
[Date "2010.06.20"]
[Round "1"]
[White "Rombaldoni, Denis"]
[Black "Saccona, Silvano"]
[Result "1-0"]
[WhiteElo "2484"]
[BlackElo "2230"]
[PlyCount "99"]
[EventDate "2010.06.20"]
[EventType "swiss"]
[EventRounds "9"]
[EventCountry "ITA"]
[SourceTitle "CBM 137 Extra"]
[Source "ChessBase"]
[SourceDate "2010.09.01"]
[SourceVersion "1"]
[SourceVersionDate "2010.09.01"]
[SourceQuality "1"]

1. d4 d5 2. c4 e6 3. Nf3 Nf6 4. Nc3 Be7 5. Bf4 c6 6. e3 Nbd7 7. cxd5 exd5 8. Bd3 0-0 9. h3 Re8 10. 0-0 Nf8 11. Ne5 Ng6 12. Nxg6 hxg6 13. Rb1 Bd6 14. Qf3 Qc7 15. Bxd6 Qxd6 16. b4 g5 17. g4 g6 18. Kg2 Kg7 19. b5 Rh8 20. Qg3 Qxg3+ 21. Kxg3 Bd7 22. bxc6 Bxc6 23. Rfc1 Rhd8 24. a4 Ne8 25. a5 Nd6 26. Na2 a6 27. Be2 Bb5 28. Bf3 Nc4 29. Nb4 Bc6 30. Nxc6 bxc6 31. Be2 Nxa5 32. Rc5 Nc4 33. Bxc4 dxc4 34. Rxc4 Rd6 35. Rb6 a5 36. Rcxc6 Rxc6 37. Rxc6 a4 38. Rc2 a3 39. Ra2 Kf6 40. Kf3 Ke6 41. Ke4 f5+ 42. Kd3 Kd5 43. f3 Ke6 44. Kc4 Rh8 45. Rxa3 Rxh3 46. e4 fxe4 47. Ra6+ Kf7 48. fxe4 Rg3 49. Kd5 Rxg4 50. Ra7+ 1-0

[Event "Ivrea Eporediese op 26th"]
[Site "Ivrea"]
[Date "2009.02.12"]
[Round "5"]
[White "Bruno, Fabrizio"]
[Black "Saccona, Silvano"]
[Result "0-1"]
[WhiteElo "1948"]
[BlackElo "2198"]
[PlyCount "64"]
[EventDate "2009.01.15"]
[EventType "swiss"]
[EventRounds "9"]
[EventCountry "ITA"]
[SourceTitle "EXT 2011"]
[Source "ChessBase"]
[SourceDate "2010.11.26"]
[SourceVersion "1"]
[SourceVersionDate "2010.11.26"]
[SourceQuality "1"]

1. e4 d5 2. exd5 Qxd5 3. Nc3 Qa5 4. b4 Qxb4 5. Rb1 Qd6 6. Nf3 Nf6 7. d4 c6 8. Bd3 e6 9. 0-0 Be7 10. Rb3 Qc7 11. Ne5 0-0 12. Bf4 Bd6 13. Ne4 Nxe4 14. Bxe4 f5 15. Bf3 Nd7 16. Re1 Nxe5 17. Bxe5 Rd8 18. Qc1 Bxe5 19. dxe5 a5 20. a4 Rd4 21. Qa1 Rd8 22. Qc1 Rb8 23. Qe3 b6 24. h3 c5 25. Reb1 Bd7 26. Qf4 Be8 27. g4 Rd4 28. Qe3 Bxa4 29. Rc3 Rbd8 30. gxf5 exf5 31. e6 R4d6 32. Qe5 Rd1+ 0-1

[Event "Ivrea Eporediese op 26th"]
[Site "Ivrea"]
[Date "2009.02.05"]
[Round "4"]
[White "Saccona, Silvano"]
[Black "Castaldo, Folco"]
[Result "1/2-1/2"]
[WhiteElo "2198"]
[BlackElo "2419"]
[PlyCount "55"]
[EventDate "2009.01.15"]
[EventType "swiss"]
[EventRounds "9"]
[EventCountry "ITA"]
[SourceTitle "EXT 2011"]
[Source "ChessBase"]
[SourceDate "2010.11.26"]
[SourceVersion "1"]
[SourceVersionDate "2010.11.26"]
[SourceQuality "1"]

1. d4 f5 2. g3 Nf6 3. Bg2 e6 4. c4 Be7 5. Nc3 0-0 6. Nh3 d6 7. 0-0 c6 8. Qc2 Na6 9. Bd2 e5 10. d5 cxd5 11. Nxd5 Nxd5 12. Bxd5+ Kh8 13. Qc1 Nc7 14. Bg2 Ne6 15. f4 e4 16. Bc3 d5 17. cxd5 Qxd5 18. Kh1 Bd7 19. Ng5 Nxg5 20. fxg5 Bb5 21. Re1 Rad8 22. Qf4 Qe6 23. Qe3 b6 24. a4 Bc6 25. b4 Qg6 26. h4 Bd6 27. Rf1 Bc7 28. Bb2 1/2-1/2

[Event "Ivrea Eporediese op 26th"]
[Site "Ivrea"]
[Date "2009.01.29"]
[Round "3"]
[White "Saccona, Silvano"]
[Black "Chiarotto, Filippo"]
[Result "1-0"]
[WhiteElo "2198"]
[BlackElo "2039"]
[PlyCount "83"]
[EventDate "2009.01.15"]
[EventType "swiss"]
[EventRounds "9"]
[EventCountry "ITA"]
[SourceTitle "EXT 2011"]
[Source "ChessBase"]
[SourceDate "2010.11.26"]
[SourceVersion "1"]
[SourceVersionDate "2010.11.26"]
[SourceQuality "1"]

1. d4 d5 2. Nf3 c6 3. Bf4 Bf5 4. c3 e6 5. Nbd2 Bd6 6. Bxd6 Qxd6 7. Qb3 Qc7 8. e3 Nd7 9. c4 Ngf6 10. Rc1 0-0 11. Be2 Ne4 12. 0-0 Nxd2 13. Nxd2 Qb6 14. Rc3 Qxb3 15. Rxb3 Rab8 16. Rc1 Nb6 17. Nf3 Be4 18. Nd2 dxc4 19. Rxb6 axb6 20. Nxe4 b5 21. Nc5 Ra8 22. a3 Ra7 23. Ne4 Rd8 24. f4 f6 25. Nd2 e5 26. fxe5 fxe5 27. Nf3 exd4 28. Nxd4 Raa8 29. Bf3 Rd6 30. Rc3 g6 31. h3 Kg7 32. Be2 Kf6 33. Nf3 Re6 34. Kf2 h6 35. Bd1 Ke7 36. Bc2 Kd6 37. Nd2 Ke5 38. Ke2 g5 39. e4 Kd4 40. Rf3 b4 41. Rf5 c3 42. Nb3+ 1-0

[Event "Porto San Giorgio op 20th"]
[Site "Porto San Giorgio"]
[Date "2008.08.26"]
[Round "6"]
[White "Saccona, Silvano"]
[Black "Eperjesi, Laszlo"]
[Result "0-1"]
[WhiteElo "2168"]
[BlackElo "2294"]
[PlyCount "98"]
[EventDate "2008.08.21"]
[EventType "swiss"]
[EventRounds "9"]
[EventCountry "ITA"]
[SourceTitle "CBM 126 Extra"]
[Source "ChessBase"]
[SourceDate "2008.11.05"]
[SourceVersion "1"]
[SourceVersionDate "2008.11.05"]
[SourceQuality "1"]

1. d4 Nf6 2. c4 e6 3. Nc3 Bb4 4. Bg5 h6 5. Bxf6 Bxc3+ 6. bxc3 Qxf6 7. e3 0-0 8. c5 b6 9. cxb6 axb6 10. Be2 Bb7 11. Bf3 Nc6 12. Ne2 Ra3 13. 0-0 Rfa8 14. Qd2 d5 15. Qb2 Qe7 16. e4 dxe4 17. Bxe4 Na5 18. Bxb7 Nxb7 19. Ng3 Nd6 20. Rfe1 Qd7 21. Re2 Qc6 22. Rc2 Nc4 23. Qc1 R8a5 24. Qf4 R3a4 25. h4 Nd6 26. f3 Rc4 27. Ne2 e5 28. Qd2 exd4 29. Nxd4 Qd5 30. Rd1 Qh5 31. Qf2 Rd5 32. Rdd2 f5 33. g3 Qg6 34. Kh2 Qf6 35. Ne2 Rxd2 36. Rxd2 Qe5 37. h5 Qc5 38. Qf1 Qe3 39. Rc2 Qd3 40. Rc1 Ra4 41. Ra1 Qc2 42. a3 Ra5 43. Kh3 Rd5 44. Rc1 Qd2 45. Nf4 Nf7 46. Ng2 Ng5+ 47. Kh4 Rd3 48. f4 Ne4 49. g4 Nf2 0-1

[Event "Porto San Giorgio op 20th"]
[Site "Porto San Giorgio"]
[Date "2008.08.25"]
[Round "5"]
[White "Longo, Enrico"]
[Black "Saccona, Silvano"]
[Result "0-1"]
[WhiteElo "1931"]
[BlackElo "2168"]
[PlyCount "74"]
[EventDate "2008.08.21"]
[EventType "swiss"]
[EventRounds "9"]
[EventCountry "ITA"]
[SourceTitle "CBM 126 Extra"]
[Source "ChessBase"]
[SourceDate "2008.11.05"]
[SourceVersion "1"]
[SourceVersionDate "2008.11.05"]
[SourceQuality "1"]

1. e4 c6 2. d4 d5 3. Nc3 dxe4 4. Nxe4 Nf6 5. Nxf6+ exf6 6. Bc4 Bd6 7. Ne2 Qc7 8. h3 0-0 9. 0-0 Re8 10. c3 Nd7 11. Qc2 Nf8 12. Re1 Ng6 13. Bd2 Bd7 14. b4 Qc8 15. Ng3 Rf8 16. Bd3 Bb8 17. Re2 a5 18. c4 Bc7 19. bxa5 Bxa5 20. Bxa5 Rxa5 21. Bxg6 hxg6 22. Kh2 f5 23. f4 Be6 24. Rc1 Rd8 25. Qb2 Qa8 26. Qb6 Ra6 27. Qb2 Qa7 28. Rb1 Bxc4 29. Re7 Rxa2 30. Qxb7 Qxb7 31. Rexb7 Bd5 32. Rg1 c5 33. Re7 cxd4 34. Ne2 Kf8 35. Re5 f6 36. Rxd5 Rxd5 37. Re1 Rd7 0-1

[Event "Porto San Giorgio op 20th"]
[Site "Porto San Giorgio"]
[Date "2008.08.24"]
[Round "4"]
[White "Saccona, Silvano"]
[Black "Di Bello, Nicolo"]
[Result "1-0"]
[WhiteElo "2168"]
[BlackElo "2046"]
[PlyCount "115"]
[EventDate "2008.08.21"]
[EventType "swiss"]
[EventRounds "9"]
[EventCountry "ITA"]
[SourceTitle "CBM 126 Extra"]
[Source "ChessBase"]
[SourceDate "2008.11.05"]
[SourceVersion "1"]
[SourceVersionDate "2008.11.05"]
[SourceQuality "1"]

1. d4 Nf6 2. Nf3 b6 3. c4 e6 4. Nc3 Bb7 5. e3 Ne4 6. Qc2 Bb4 7. a3 Bxc3+ 8. bxc3 0-0 9. Bd3 f5 10. 0-0 d6 11. Nd2 Ng5 12. f4 Nf7 13. Be2 Nd7 14. Bf3 Bxf3 15. Nxf3 Nf6 16. a4 a5 17. Ba3 Nh6 18. Ng5 Re8 19. c5 bxc5 20. dxc5 Nhg4 21. Rfe1 h6 22. Nf3 Ne4 23. h3 Ngf6 24. Rad1 Rb8 25. c4 Qe7 26. Nd4 Qd7 27. cxd6 cxd6 28. Nb5 d5 29. c5 Rec8 30. Rc1 Qb7 31. c6 Qb6 32. Nd4 Kf7 33. Rb1 Qc7 34. Nb5 Qxc6 35. Qxc6 Rxc6 36. Nd6+ Nxd6 37. Rxb8 Nc4 38. Rc1 Ne4 39. Rb7+ Kg6 40. Bb2 Nf6 41. Bd4 Rc8 42. Kh2 Rc6 43. Ra7 Rc8 44. Rxa5 Rb8 45. Rb5 Ra8 46. Ra1 Ne4 47. Rb7 Nf6 48. a5 Rxa5 49. Rxa5 Nxa5 50. Re7 Nc6 51. Rxe6 Nxd4 52. exd4 Kf7 53. Re5 Kg6 54. Kg3 Ne4+ 55. Kf3 Nf6 56. Ke3 h5 57. Kf3 h4 58. Ke3 1-0

[Event "Porto San Giorgio op 20th"]
[Site "Porto San Giorgio"]
[Date "2008.08.23"]
[Round "3"]
[White "Rago, Riccardo"]
[Black "Saccona, Silvano"]
[Result "1/2-1/2"]
[WhiteElo "2059"]
[BlackElo "2168"]
[PlyCount "93"]
[EventDate "2008.08.21"]
[EventType "swiss"]
[EventRounds "9"]
[EventCountry "ITA"]
[SourceTitle "CBM 126 Extra"]
[Source "ChessBase"]
[SourceDate "2008.11.05"]
[SourceVersion "1"]
[SourceVersionDate "2008.11.05"]
[SourceQuality "1"]

1. e4 c6 2. d4 d5 3. Nc3 dxe4 4. Nxe4 Nf6 5. Ng3 Bg4 6. Be2 Bxe2 7. N1xe2 e6 8. Be3 Nbd7 9. Qd2 Nb6 10. 0-0 Be7 11. b3 0-0 12. c4 Re8 13. Rad1 a5 14. a4 Nbd7 15. Qc2 Nf8 16. Ne4 Ng4 17. Bc1 Ng6 18. h3 Nf6 19. Ng5 Qc7 20. Nf3 Rad8 21. Bb2 Rb8 22. Ne5 Nxe5 23. dxe5 Nd7 24. f4 Rbd8 25. Kh1 g6 26. Ng3 Nc5 27. Bd4 Na6 28. Ne4 c5 29. Bc3 b6 30. Qe2 Rxd1 31. Rxd1 Rd8 32. Rd3 Rxd3 33. Qxd3 Qd8 34. Qxd8+ Bxd8 35. Nd6 Nb8 36. g3 Nc6 37. Kg2 Be7 38. Nb5 Kf8 39. Kf3 h5 40. g4 hxg4+ 41. hxg4 Ke8 42. Ke4 Kd7 43. Na3 Na7 44. Nc2 Nc6 45. Ne3 Bf8 46. g5 Ne7 47. Nc2 1/2-1/2

[Event "Lodi op"]
[Site "Lodi"]
[Date "2008.06.14"]
[Round "2"]
[White "Pienabarca, Nicola"]
[Black "Saccona, Silvano"]
[Result "0-1"]
[WhiteElo "2081"]
[BlackElo "2178"]
[PlyCount "86"]
[EventDate "2008.06.13"]
[EventType "swiss"]
[EventRounds "5"]
[EventCountry "ITA"]
[SourceTitle "CBM 124 Extra"]
[Source "ChessBase"]
[SourceDate "2008.07.03"]
[SourceVersion "1"]
[SourceVersionDate "2008.07.03"]
[SourceQuality "1"]

1. d4 c6 2. Nf3 d5 3. g3 Bf5 4. Bg2 Nd7 5. 0-0 e6 6. b3 Ngf6 7. c4 Be7 8. Bb2 0-0 9. Nc3 h6 10. Nd2 Re8 11. e4 dxe4 12. Ncxe4 Nxe4 13. Nxe4 Nf6 14. Qe2 Qb6 15. Rfd1 Rad8 16. Rd2 Nxe4 17. Bxe4 Bg5 18. Rd3 Bxe4 19. Qxe4 Qa5 20. Bc3 Qa3 21. Qe2 Rd7 22. Rad1 Red8 23. h4 Bf6 24. Qd2 Qa6 25. Qc2 Qb6 26. Qd2 Qc7 27. Qe3 Qd6 28. d5 Bxc3 29. Rxc3 Qa3 30. Rcd3 exd5 31. cxd5 cxd5 32. Rd4 Qxa2 33. Ra4 Qc2 34. Rc1 Qb2 35. Rxa7 d4 36. Qe1 Qxb3 37. Rb1 Qc3 38. Qd1 Qc6 39. Qd3 Rc7 40. Rba1 Qc3 41. Qf5 Rdc8 42. R7a3 Qb2 43. Qf4 Rc1+ 0-1

[Event "Piemonte-ch"]
[Site "Turin"]
[Date "2008.04.26"]
[Round "8"]
[White "Saccona, Silvano"]
[Black "Barletta, Mauro"]
[Result "1/2-1/2"]
[WhiteElo "2178"]
[BlackElo "2205"]
[PlyCount "114"]
[EventDate "2008.04.20"]
[EventType "swiss"]
[EventRounds "9"]
[EventCountry "ITA"]
[SourceTitle "EXT 2011"]
[Source "ChessBase"]
[SourceDate "2010.11.26"]
[SourceVersion "1"]
[SourceVersionDate "2010.11.26"]
[SourceQuality "1"]

1. e4 c6 2. d4 d5 3. exd5 cxd5 4. Bd3 Nc6 5. c3 Nf6 6. h3 e5 7. dxe5 Nxe5 8. Qe2 Qe7 9. Bc2 Ne4 10. Be3 Bd7 11. Nd2 Nxd2 12. Bxd2 Nc4 13. Bc1 0-0-0 14. Qxe7 Bxe7 15. Nf3 Bf6 16. 0-0 Rhe8 17. Rd1 Bc6 18. Bd3 Kb8 19. Nd4 Bd7 20. Kf1 Be5 21. b3 Nd6 22. Bb2 Bxd4 23. cxd4 Bb5 24. Rac1 b6 25. Bxb5 Nxb5 26. Rc2 Rc8 27. Rcd2 Re6 28. f3 h5 29. Kf2 Kb7 30. Rg1 h4 31. g3 hxg3+ 32. Rxg3 g6 33. Rg5 Nc7 34. Rc2 Rh8 35. Kg2 Re1 36. Re5 Rxe5 37. dxe5 Rd8 38. Rd2 Ne6 39. Bd4 Re8 40. Bb2 Rd8 41. Bd4 Kc6 42. Kg3 Nxd4 43. Rxd4 Kc5 44. Rd1 d4 45. Kf4 Kd5 46. Rc1 Rd7 47. Rc4 b5 48. Rc8 a6 49. h4 d3 50. Ke3 Kxe5 51. Rc5+ Rd5 52. f4+ Kd6 53. Rxd5+ Kxd5 54. Kxd3 a5 55. Ke3 f5 56. Kd3 Kc5 57. Kc3 b4+ 1/2-1/2

[Event "Piemonte-ch"]
[Site "Turin"]
[Date "2008.04.25"]
[Round "7"]
[White "Finocchiaro, Gianluca"]
[Black "Saccona, Silvano"]
[Result "0-1"]
[WhiteElo "1991"]
[BlackElo "2178"]
[PlyCount "122"]
[EventDate "2008.04.20"]
[EventType "swiss"]
[EventRounds "9"]
[EventCountry "ITA"]
[SourceTitle "EXT 2011"]
[Source "ChessBase"]
[SourceDate "2010.11.26"]
[SourceVersion "1"]
[SourceVersionDate "2010.11.26"]
[SourceQuality "1"]

1. d4 c6 2. c4 d5 3. cxd5 Qxd5 4. Nc3 Qa5 5. Nf3 Nf6 6. Qc2 Bf5 7. Qb3 Qb6 8. Qxb6 axb6 9. Bg5 Nbd7 10. e3 e6 11. Be2 h6 12. Bxf6 Nxf6 13. 0-0 Be7 14. Ne5 0-0 15. Bf3 Rfd8 16. Rfd1 b5 17. a3 Bc2 18. Rdc1 Bh7 19. Ng4 Nd5 20. Nxd5 exd5 21. Be2 f6 22. h3 Ra7 23. Bd1 Rda8 24. Bb3 Kf8 25. Ra2 Ke8 26. Nh2 Kd7 27. Nf3 Bd3 28. Rca1 Bc4 29. Nd2 b6 30. Nxc4 bxc4 31. Bc2 b5 32. b3 Rxa3 33. Rxa3 Rxa3 34. Rxa3 Bxa3 35. Kf1 Kc7 36. Ke2 Kb6 37. Kd2 Ka5 38. Kc3 Bc1 39. Bf5 Ba3 40. Bd7 Bb4+ 41. Kc2 Kb6 42. f3 Kc7 43. Be8 Kd6 44. e4 Be1 45. Bf7 Bf2 46. Kc3 Be1+ 47. Kc2 Ba5 48. Bg6 h5 49. Bf7 h4 50. Bg8 Bb6 51. Kc3 cxb3 52. exd5 b2 53. Kxb2 Bxd4+ 54. Kb3 c5 55. Be6 Bf2 56. Bf7 Be1 57. Be6 c4+ 58. Kc2 Bg3 59. Kc3 Kc5 60. Bg8 b4+ 61. Kb2 Be5+ 0-1

[Event "Piemonte-ch"]
[Site "Turin"]
[Date "2008.04.23"]
[Round "4"]
[White "Sorcinelli, Francesco"]
[Black "Saccona, Silvano"]
[Result "0-1"]
[WhiteElo "2078"]
[BlackElo "2178"]
[PlyCount "128"]
[EventDate "2008.04.20"]
[EventType "swiss"]
[EventRounds "9"]
[EventCountry "ITA"]
[SourceTitle "EXT 2011"]
[Source "ChessBase"]
[SourceDate "2010.11.26"]
[SourceVersion "1"]
[SourceVersionDate "2010.11.26"]
[SourceQuality "1"]

1. Nf3 d5 2. c4 c6 3. g3 Nf6 4. Bg2 dxc4 5. Qc2 Nbd7 6. Na3 Nb6 7. Nxc4 Nxc4 8. Qxc4 Be6 9. Qa4 Bd5 10. 0-0 e6 11. e3 Bxf3 12. Bxf3 Be7 13. d4 0-0 14. e4 Nd7 15. Bg2 Qc7 16. Be3 Rfe8 17. Rac1 Qb8 18. Qb3 a5 19. f4 a4 20. Qd1 Ra5 21. g4 Bd8 22. g5 Bb6 23. e5 Nf8 24. Rc4 Rd8 25. Rxa4 Qa7 26. Rxa5 Qxa5 27. Qb3 Qa7 28. Kh1 Bxd4 29. Bc1 Rd7 30. Rd1 Qa6 31. a3 c5 32. h4 Qe2 33. Qf3 Qc2 34. Qd3 Qf2 35. Qh3 Ng6 36. Rf1 Qxh4 37. Qxh4 Nxh4 38. Be4 g6 39. Rd1 Nf5 40. Kg2 Rc7 41. Kf3 b6 42. b3 Kg7 43. b4 cxb4 44. Bxf5 gxf5 45. Rxd4 Rxc1 46. Rxb4 Rc3+ 47. Kf2 Rxa3 48. Rxb6 Ra7 49. Rb1 Ra2+ 50. Kf3 Rh2 51. Kg3 Rh5 52. Rb7 h6 53. gxh6+ Rxh6 54. Ra7 Kg6 55. Ra6 Rh8 56. Ra3 Rd8 57. Kf3 Rd7 58. Kg3 Kh5 59. Kf3 Rc7 60. Kg3 Rb7 61. Kf3 Kh4 62. Rc3 Rb1 63. Rc7 Rb3+ 64. Ke2 Kg4 0-1

[Event "Turin Piemonte op 7th"]
[Site "Turin"]
[Date "2007.06.24"]
[Round "5"]
[White "Matta, Francesca"]
[Black "Saccona, Silvano"]
[Result "0-1"]
[WhiteElo "1909"]
[BlackElo "2159"]
[PlyCount "136"]
[EventDate "2007.06.21"]
[EventType "swiss"]
[EventRounds "6"]
[EventCountry "ITA"]
[SourceTitle "EXT 2010"]
[Source "ChessBase"]
[SourceDate "2010.11.25"]
[SourceVersion "1"]
[SourceVersionDate "2010.11.25"]
[SourceQuality "1"]

1. e4 c6 2. d3 d6 3. g3 g6 4. Bg2 Bg7 5. Nc3 Qb6 6. Nge2 h5 7. h3 e5 8. Rb1 Be6 9. Be3 Qc7 10. 0-0 Ne7 11. Nc1 Nd7 12. Nb3 Nf6 13. Qe2 b5 14. f4 Qc8 15. fxe5 dxe5 16. Kh2 Nd7 17. Nc5 Nxc5 18. Bxc5 Qd7 19. b3 0-0 20. Rf2 Rfd8 21. Rbf1 Nc8 22. Nb1 a5 23. a3 Bf8 24. Be3 c5 25. Nc3 Nb6 26. Bg5 Re8 27. Bf6 b4 28. axb4 axb4 29. Na4 Nxa4 30. bxa4 Qd4 31. Qd2 Rxa4 32. Qg5 Ba2 33. g4 hxg4 34. hxg4 Ra6 35. Rf3 Bg7 36. Rh3 Rxf6 37. Rxf6 Qd8 38. Rhf3 Bxf6 39. Qxf6 Qxf6 40. Rxf6 Be6 41. g5 Ra8 42. Rf1 Ra3 43. Bh3 Bxh3 44. Kxh3 Rc3 45. Rf2 b3 46. cxb3 Rxd3+ 47. Kg2 Rxb3 48. Rc2 Rb4 49. Kf3 c4 50. Ke3 Rb3+ 51. Kd2 Rg3 52. Rxc4 Rxg5 53. Ke3 Rg4 54. Rc5 Rg5 55. Kf3 Kg7 56. Rd5 f6 57. Ra5 Rg1 58. Ra7+ Kh6 59. Ra6 Kg5 60. Ra5 Rb1 61. Rc5 Rb3+ 62. Kf2 Kf4 63. Rc6 Rb2+ 64. Kf1 f5 65. Rxg6 Kxe4 66. Ra6 Kf4 67. Ra4+ e4 68. Ke1 Kf3 0-1

[Event "Savigliano 6th"]
[Site "Savigliano"]
[Date "2007.06.03"]
[Round "6"]
[White "Pulito, Alberto"]
[Black "Saccona, Silvano"]
[Result "1/2-1/2"]
[WhiteElo "2277"]
[BlackElo "2159"]
[PlyCount "25"]
[EventDate "2007.05.31"]
[EventType "swiss"]
[EventRounds "6"]
[EventCountry "ITA"]
[SourceTitle "EXT 2009"]
[Source "ChessBase"]
[SourceDate "2008.11.26"]
[SourceVersion "1"]
[SourceVersionDate "2008.11.26"]
[SourceQuality "1"]

1. e4 c6 2. d4 d5 3. Nc3 dxe4 4. Nxe4 Nf6 5. Nxf6+ exf6 6. Nf3 Bd6 7. Bd3 0-0 8. 0-0 Re8 9. h3 Nd7 10. c3 Nf8 11. Bd2 Be6 12. Re1 Rc8 13. Qc2 1/2-1/2

[Event "ITA-chT"]
[Site "Palermo"]
[Date "2007.04.22"]
[Round "5"]
[White "Saccona, Silvano"]
[Black "Vitri, Sergio"]
[Result "1-0"]
[WhiteElo "2159"]
[BlackElo "2132"]
[PlyCount "96"]
[EventDate "2007.04.20"]
[EventType "team"]
[EventRounds "5"]
[EventCountry "ITA"]
[SourceTitle "CBM 117 Extra"]
[Source "ChessBase"]
[SourceDate "2007.05.09"]
[SourceVersion "1"]
[SourceVersionDate "2007.05.09"]
[SourceQuality "1"]

1. d4 Nf6 2. Nf3 c5 3. c3 Qc7 4. g3 b6 5. Bg2 Bb7 6. Bf4 d6 7. 0-0 Nbd7 8. dxc5 Nxc5 9. Na3 a6 10. Nc2 g6 11. Nb4 Bg7 12. Qc1 h6 13. Nd3 Nce4 14. Nd2 Nxd2 15. Bxd2 Bxg2 16. Kxg2 Qc6+ 17. f3 Kf8 18. Qc2 Kg8 19. h4 b5 20. a4 Kh7 21. Qb3 Qc4 22. Ra3 Rhc8 23. Rfa1 Rab8 24. axb5 axb5 25. Qxc4 bxc4 26. Nb4 Rb7 27. Ra7 Rcc7 28. Ra8 Rc5 29. Kf2 Nd5 30. Re8 Rcb5 31. Ra2 e6 32. Rd8 Nxb4 33. cxb4 d5 34. e3 Bf6 35. Rc8 Rb8 36. Rc6 R5b6 37. Rc5 R8b7 38. Rc8 Rb8 39. Rc7 R8b7 40. Rc8 Rb8 41. Rc7 R6b7 42. Rxb7 Rxb7 43. Bc3 e5 44. Ra6 Kg7 45. f4 d4 46. fxe5 Bxe5 47. exd4 Bf6 48. Rc6 Kf8 1-0

[Event "Turin olympic op-A"]
[Site "Turin"]
[Date "2006.05.25"]
[Round "4"]
[White "Canonne, Antoine"]
[Black "Saccona, Silvano"]
[Result "1-0"]
[WhiteElo "2052"]
[BlackElo "2162"]
[PlyCount "49"]
[EventDate "2006.05.22"]
[EventType "swiss"]
[EventRounds "9"]
[EventCountry "ITA"]
[SourceTitle "EXT 2011"]
[Source "ChessBase"]
[SourceDate "2010.11.26"]
[SourceVersion "1"]
[SourceVersionDate "2010.11.26"]
[SourceQuality "1"]

1. e4 c6 2. d4 d5 3. Nc3 dxe4 4. Nxe4 Nf6 5. Nxf6+ exf6 6. c3 Bd6 7. Bd3 0-0 8. Ne2 Re8 9. 0-0 Qc7 10. Ng3 Nd7 11. Re1 Rxe1+ 12. Qxe1 Nf8 13. Bd2 Be6 14. Qe2 Rd8 15. b3 Ng6 16. Qh5 Nf8 17. Re1 Qd7 18. Nf5 g6 19. Nh6+ Kg7 20. Qh4 Be7 21. g4 Qc7 22. Nf5+ Bxf5 23. gxf5 Bd6 24. Bh6+ Kg8 25. Qxf6 1-0

[Event "ITA-chT 38th"]
[Site "Porto San Giorgio"]
[Date "2006.04.22"]
[Round "3.4"]
[White "Saccona, Silvano"]
[Black "Bozzi, Gianni Moritz"]
[Result "1-0"]
[WhiteElo "2162"]
[BlackElo "2190"]
[PlyCount "57"]
[EventDate "2006.04.21"]
[EventType "team-swiss"]
[EventRounds "5"]
[EventCountry "ITA"]
[SourceTitle "EXT 2022"]
[Source "ChessBase"]
[SourceDate "2021.10.06"]
[SourceVersion "1"]
[SourceVersionDate "2021.10.06"]
[SourceQuality "1"]
[WhiteTeam "Ivrea Eporediense"]
[BlackTeam "Desio Hotel Selide "]
[WhiteTeamCountry "ITA"]
[BlackTeamCountry "ITA"]

1. e4 Nf6 2. e5 Nd5 3. Nf3 d6 4. d4 g6 5. Bc4 Nb6 6. Bb3 Bg7 7. 0-0 0-0 8. Re1 dxe5 9. Nxe5 c5 10. c3 cxd4 11. cxd4 N8d7 12. Ng4 e6 13. Nc3 h5 14. Ne3 Nf6 15. Nf1 Nfd5 16. Ne4 Nc7 17. Be3 Nb5 18. Qd3 Nxd4 19. Rad1 Nc6 20. Qc2 Nd4 21. Qd2 Nc6 22. Qc1 Qc7 23. Bg5 Nd7 24. Be7 Re8 25. Bh4 Nb6 26. Nf6+ Bxf6 27. Bxf6 Kh7 28. Bc2 Nd7 29. Rxd7 1-0